[Event "SUI-ch Blitz"]
[Site "Biel"]
[Date "2023.07.29"]
[Round "7"]
[White "Fulpius, Bertrand"]
[Black "Kelecevic, Nedeljko"]
[Result "0-1"]
[WhiteElo "1834"]
[BlackElo "2108"]
[PlyCount "41"]
[EventDate "2023.07.29"]
[EventType "swiss (blitz)"]
[EventRounds "13"]
[EventCountry "SUI"]
[SourceTitle "CBM 215 Extra"]
[Source "ChessBase"]
[SourceDate "2023.09.30"]
[SourceVersion "1"]
[SourceVersionDate "2023.09.30"]
[SourceQuality "1"]

1. d4 e6 2. c4 Nf6 3. Nc3 d5 4. cxd5 exd5 5. Bg5 c6 6. Qc2 Be7 7. e3 Be6 8. Nf3 Nbd7 9. Bd3 0-0 10. 0-0 h6 11. Bh4 Nh5 12. Bxe7 Qxe7 13. Rab1 Rac8 14. b4 a6 15. Be2 Nhf6 16. a4 Bg4 17. Qb3 Ne4 18. Rfe1 Bxf3 19. Bxf3 Nd2 20. Qb2 Nxb1 21. Rxb1 0-1

[Event "Bois Gentil op"]
[Site "Geneve"]
[Date "2014.02.28"]
[Round "7"]
[White "Degove, Christophe"]
[Black "Fulpius, Bertrand"]
[Result "0-1"]
[WhiteElo "1850"]
[BlackElo "1994"]
[PlyCount "64"]
[EventDate "2014.01.10"]
[EventType "swiss"]
[EventRounds "7"]
[EventCountry "SUI"]
[SourceTitle "CBM 158 Extra"]
[Source "ChessBase"]
[SourceDate "2014.02.28"]
[SourceVersion "1"]
[SourceVersionDate "2014.02.28"]
[SourceQuality "1"]

1. Nf3 d5 2. c4 c6 3. g3 Nf6 4. b3 Bf5 5. Bg2 e6 6. 0-0 Be7 7. Ba3 0-0 8. Bxe7 Qxe7 9. Nc3 Nbd7 10. Nh4 Bg6 11. Nxg6 hxg6 12. d4 Rad8 13. Qc2 Nb6 14. cxd5 cxd5 15. Rac1 Rc8 16. Qd2 a6 17. Qg5 Qb4 18. Qd2 Qd6 19. f4 Rfd8 20. Rc2 Rc6 21. Bf3 Rdc8 22. Rfc1 Qc7 23. e3 Ne4 24. Bxe4 dxe4 25. g4 Nd5 26. Nxd5 Rxc2 27. Ne7+ Kf8 28. Rxc2 Qxc2 29. Qb4 Qd1+ 30. Kf2 Qf3+ 31. Ke1 Rc1+ 32. Kd2 Qd1# 0-1